000 00611nam a2200181 i 4500
001 47053
003 ES-MaACL
005 20230906161508.0
007 t|
008 030403s1954 sp ||||1| spa d
100 1 _aContini, Giulio.
_940295
245 1 0 _aManual de las plantas de edificios /
_cGiulio Contini, Giuseppe Tirelli ; [traducción directa del italiano por Pablo Uriarte].
260 _aBarcelona :
_bA.H.R.,
_c[1954] (
_fEstampa)
300 _a39 p., 50 lám. :
_bil. ;
_c34 cm.
700 1 _aTirelli, Giuseppe.
_9110326
700 1 _aUriarte, Pablo.
_9112151
852 _aES-MaACL
_jB-1129
_bR.36652
999 _c47053
_d47053